2nd Largest Language by Country - Statistics

General Stats
  • This quiz has been taken 1,755 times
    991 since last reset
  • The average score is 136 of 196
Answer Stats
Country Answer % Correct
Andorra | Antigua & Barbuda? | Belize | United States Spanish
99%
Argentina | Botswana | Brazil | +43 others English
98%
Belgium | Burundi | Cambodia? | +17 others French
98%
France | Vatican City? German
96%
Armenia | Estonia | Georgia? | +9 others Russian
96%
Chad? | Israel | South Sudan Arabic
95%
Equatorial Guinea? | Uruguay Portuguese
94%
Albania Greek
88%
Fiji | Suriname Hindi
88%
Libya? | Monaco Italian
88%
Bulgaria | Cyprus | Greece? Turkish
87%
Bosnia & Herzegovina | Kosovo Serbian
85%
Australia | North Korea? | Singapore | Venezuela Mandarin
84%
Finland Swedish
84%
United Kingdom Gaelic
77%
Afghanistan Tajik
76%
Ireland Irish
75%
Czechia Slovak
72%
China Cantonese
71%
Austria Croatian
70%
Sweden Finnish
70%
Iceland Polish
70%
Romania | Serbia? | Slovakia | Slovenia? Hungarian
69%
Bahrain? | Kuwait? | Philippines | Saudi Arabia Tagalog
67%
Central African Republic Sango
66%
D. R. of the Congo? Swahili
66%
Bahamas Bahamian Creole
65%
Barbados Bajan Creole
65%
Cape Verde Cape Verdean Creole
65%
Grenada? Grenadian Creole
65%
Honduras? Honduran Creole
65%
St Kitts & Nevis? Saint Kitts Creole
65%
St Lucia? Saint Lucian Creole
65%
Algeria? Tamazight
65%
Macedonia Albanian
64%
Croatia Bosnian
64%
New Zealand Maori
63%
Sri Lanka Tamil
63%
Belarus Belarusian
62%
Iraq | Syria | Turkey Kurdish
62%
Pakistan Pashto
62%
Spain Catalan
59%
Bolivia | Ecuador | Peru Quechua
59%
Azerbaijan? Armenian
58%
Thailand? | Vietnam Khmer
57%
Bhutan Nepali
57%
Ethiopia Amharic
55%
Iran Azerbaijani
55%
South Africa Xhosa
53%
Indonesia Javanese
45%
Liechtenstein? Romansh
43%
Paraguay Guarani
42%
Montenegro Montenegrin
38%
Nigeria Hausa
37%
Russia Tatar
36%
Netherlands Frisian
32%
Papua New Guinea? Tok Pisin
26%
Cuba | Dominican Republic Haitian Creole
25%
El Salvador? | Mexico Nahuatl
22%
Guinea-Bissau? Fula
20%
Poland Silesian
19%
Djibouti | Somalia? Afar
18%
Denmark Faroese
17%
Zimbabwe Ndebele
17%
Taiwan Hokkien
11%
Burkina Faso Mossi
9%
Mongolia? Buryat
7%
Eritrea? Tigre
7%
Gabon? Fang
6%
Nepal Maithili
6%
Ghana Ewe
5%
Benin Fon
4%
Guatemala Ki'che
4%
Nicaragua Miskito
4%
Bangladesh Sylheti
4%
Angola Umbundu
4%
Micronesia Pohnpeian
3%
Ivory Coast? Baoule
2%
Namibia Khoekhoe
2%
R. of the Congo? Kituba
2%
Sierra Leone Mende
2%
Zambia Nyanja
2%
Solomon Islands Pijin
2%
Yemen Soqotri
2%
Egypt Domari
1%
Mozambique Emakhuwa
1%
Sao Tome & Principe Forro
1%
Uganda? Kakwa
1%
Guinea? Malike
1%
East Timor Mambai
1%
Myanmar? Nyishi
1%
Niger Zarma
1%
No matching quizzes found
Score Distribution
Percent of People with Each Score
Percentile by Number Answered
Your Score History
You have not taken this quiz since the last reset